Sports Quiz

Random Sports or Tennis Quiz
Score 0/22 Timer 06:00
0 Plays Today
Year turned Pro Player % Correct
2005Andy Murray
96.7%
1998Roger Federer
95%
1999Justine Henin
89.2%
2000Andy Roddick
89.2%
1983Stefan Edberg
84.2%
1994Martina Hingis
83.3%
1973Björn Borg
82.5%
1978Ivan Lendl
82.5%
2003Victoria Azarenka
82.5%
1978John McEnroe
80.8%
1981Mats Wilander
79.2%
Year turned Pro Player % Correct
1993Lindsay Davenport
75.8%
1993Amélie Mauresmo
74.2%
1985Gabriela Sabatini
70.8%
1982Pat Cash
66.7%
1990Jennifer Capriati
66.7%
1970Evonne Goolagong Cawley
65%
1978Hana Mandlíková
61.7%
1978Tracey Austin
52.5%
1973Sue Barker
50.8%
1975Mima Jaušovec
35.8%
1973Chris O'Neil
28.3%

You're not logged in!

Compare scores with friends on all Sporcle quizzes.
OR
Log In

Sporcle TV

Today on Sporcle TV


Watch our educational content, quiz creation guides, and fun videos on Sporcle TV.

Show Comments

Extras

Top Quizzes Today


Score Distribution

Paid Content

Your Account Isn't Verified!

In order to create a playlist on Sporcle, you need to verify the email address you used during registration. Go to your Sporcle Settings to finish the process.

Report this User

Report this user for behavior that violates our Community Guidelines.

Details: